MDQL
is popping MORE tags! Check the
thread
!
Quizzes
Events
Quiz Creation
Community
Videos
Private Events
Remove Ads
Sign In
Join for FREE
Feedback
Dark Mode
Quiz Categories
Sports
Geography
Music
Movies
Television
Just For Fun
Miscellaneous
History
Literature
Language
Science
Gaming
Entertainment
Religion
Holiday
For Kids
Quiz Lab
Recent
Popular Today
Quiz Kudos Today
Editor Picks
Curator Picks
Quizzes by...
Day
Popularity
Type
Ratings
Length
Year
Community
Subscriptions
Recent Discussions
Orange Saloon
Badges
Playlists
Quests
Create
Leaderboards
Showdown
Live 5
Trivia Bingo
Activity
Puzzle Library
Sporcle Events
Private Events
Virtual Trivia
Globe League
Become a Host
Pub Owners
SporcleCon
Opinionation
Our Games
Videos
Blog
Mobile Apps
Partnerships
Remove Ads and Go Orange
Feedback
Miscellaneous
Crossword
General Knowledge
Baby Names
Logo
Food
Cars
Numbers
Grab Bag
University
College
Popular
Company
Slogans
Restaurants
Justice
Letter
Miscellaneous
Crossword
General Knowledge
Baby Names
Logo
Food
Cars
Numbers
Grab Bag
University
College
Popular
Company
Slogans
Restaurants
Justice
Letter
Random Quiz
Search Sporcle
×
Quiz Lab
Quiz Lab
Miscellaneous
before
Type in answers that appear in a list
Type in answers that appear in a list
Classic
Best Score? Go Orange.
Before and After V Stats
Can you name the Before and After answers??
By
multislack
5m
13 Questions
406 Plays
406 Plays
406 Plays
Comments
Comments
Give Quiz Kudos
Give Quiz Kudos
-
- Ratings
hide this ad
Random Order
Randomize order of answers
Randomize order of answers
Replay
Link that replays current quiz
Next Quiz
Link to next quiz in quiz playlist
You Got
0%
They Got
Avg Score
44%
Avg Friend Score
Upgrade to see
Score Distribution
Jump to the score distribution portion of the page
Score
0/13
Timer
05:00
0
Plays Today
Hint (Before)
Answer
% Correct
Morning Beverage Container
coffee mug shot
84%
National Beauty Pagent
Miss America's next top model
66.5%
Blossom, Bubbles, and Buttercup
the powerpuff girls gone wild
66%
Greek king of of Macedon who created one of the largest empires in ancient history.
alexander the great wall of china
57.1%
Utah Capital
salt lake city of angels
56.7%
TV show featuring Paddy's Pub
It's Always Sunny in Philadelphia Eagles
51.2%
Won an Academy Award for Jerry McGuire
cuba gooding jr mints
50%
90s Boy Band who sang 'I want it that way'
backstreet boys of summer
49.5%
1987 Animated Film about appliances
the brave little toaster strudel
41.6%
Second largest country in Oceania
Papua New Guinea Bissau
31.8%
Roald Dahl Novel
charlie and the chocolate factory girl
19.7%
Stage name of singer Annie Clark
St. Vincent Van Gogh
8.1%
Disney Original Movie starring Erin Chambers (1999)
don't look under the bedknobs and broomsticks
2.7%
Quiz Playlist
Details
Report
Send in Message
Add To Playlist
Classic:
Type in answers that appear in a list
Random Order:
Randomize order of answers
Last Updated: Feb 16, 2017
Quiz Scoreboard
CHALLENGE
Sign Up to Join the Scoreboard
Show All
Scores
Hide
Comments
May contain spoilers
Recently Published
Colored Red Africa Blitz
by spor1
Geography
30s
Find the 'City' Movie
by crazypaving
Movies
60s
5x2 Blitz: Bands
by SL_Kpop136
Music
30s
More to Explore
Quiz From the Vault
Featured Blog Post
14 Easter Pick-up Lines to Find Eggs With
hide this ad
You Might Also Like...
Tags
before
Today's Top Quizzes in Miscellaneous
Browse Miscellaneous
hide this ad
Today's Top Quizzes in before
Browse before
Top Contributed Quizzes in Miscellaneous
1
The JOE quick-fire general knowledge quiz: Day 174
2
5-to-1: Fast Food
3
9x9 Crossword: Disney Movie Titles
4
9x9 Crossword: Charlie and the Chocolate Factory
5
9x9 Crossword: Actors
6
9x9 Crossword: 2022 Movies
7
9x9 Crossword: The Simpsons
8
9x9 Crossword: Pixar Movie Titles
9
The JOE quick-fire general knowledge quiz: Day 173
10
9x9 Crossword: Flags
Explore More
Trending Topics
Marvel
NBA
Kpop
Crossword
Anime
Disney
Harry Potter
The Office
Country
Song
Soccer
NFL
Pokémon
WWE
Puzzle
hide this ad
More By:
multislack
Quiz
Plays
Rating
Category
Featured
Created
The Hot Quiz
52,609
4.03
Miscellaneous
Dec 23, 2009
Before and After V
406
3.44
Miscellaneous
Nov 29, 2009
Lemon Words
302
3.22
Just For Fun
Nov 15, 2009
TV Title Antonyms 2
290
1.60
Television
Jun 14, 2010
Before and After VI
182
3.00
Miscellaneous
Aug 26, 2010
Go to Creator's Profile
Score Distribution
Quiz Creator Spotlight
multislack
Follow
Send a Message
Quizzes Created
-
Created Quiz Play Count
-
More By This Creator
Popular Quizzes Today
1
Colored Red Africa Blitz
2
Find the 'City' Movie
3
5x2 Blitz: Bands
4
Find the US States - No Outlines Minefield
5
The Countries of the World
6
Find the US States
7
US States
8
Find the Countries of Europe - No Outlines Minefield
More Miscellaneous Quizzes
Guess the Beanie Baby Animal
Published
Trending Quizzes
Colored Red Europe Blitz I
Colored Red Europe Blitz II
Colored Red Africa Blitz II
Colored Red Europe Blitz III
Colored Red Africa Blitz III
Recently Updated
How Do You Spell That?
pecheneg
Godzilla Movies
pecheneg
Grab Bag: 4-10 Letters
pecheneg
2024 March Madness Bracket
pecheneg
Famous TV Couples
Peacemaker
Champions League XIs: Real Madrid
pecheneg
Largest US Cities 1790-2010
pecheneg
Rides in Walt Disney World
pecheneg
Most Oscar Losses (Acting)
pecheneg
Beyoncé Albums
pecheneg
Trending Topics
Disney
Anime
Harry Potter
Kpop
Marvel
Crossword
NBA
NFL
WWE
Puzzle
Pokémon
The Office
Country
Soccer
Song
Your Account Isn't Verified!
In order to create a playlist on Sporcle, you need to verify the email address you used during registration. Go to your
Sporcle Settings
to finish the process.
Report this User
Report this user for behavior that violates our
Community Guidelines
.
Details:
Send Report
Go to the Sporcle.com Mobile Site →
Comments